000 00277nam a2200121Ia 4500
005 20251222140054.0
008 251222s1900||||xx |||||||||||||| ||spa||
082 _a211.9/M41
100 _aMellor, Alec
245 0 _aLa Encrucijada de la Masoneria
264 _bAHR
942 _cLIB
999 _c3697
_d3697